| 000 | 00468nam a2200181Ia 4500 | ||
|---|---|---|---|
| 008 | 230711s9999||||xx |||||||||||||| ||und|| | ||
| 020 | _a978-93-86202-01-7 | ||
| 041 | _aENG | ||
| 082 |
_a530.15 _bGH-M |
||
| 100 | _aGhatak,A K | ||
| 245 | 0 | _aMathematical Physics : Differential equations and transform theroy | |
| 250 | _a1st Ed. | ||
| 260 |
_c2017 _aNew Delhi _bTrinity Publiaction |
||
| 300 | _a613p. | ||
| 650 | _aPhysics | ||
| 700 | _aGoyal, I C | ||
| 942 | _cBK | ||
| 999 |
_c6166 _d6166 |
||